000 00298nam a2200121Ia 4500
005 20251222141856.0
008 251222s9999||||xx |||||||||||||| ||spa||
082 _a263.1/D75
100 _aDiez Canseco Terry, Raúl
245 0 _aCitas y Reflexiones de ayer y siempre
264 _bUSIL
942 _cLIB
999 _c7881
_d7881